| 000 | 00874cab a22002055a 4500 | ||
|---|---|---|---|
| 001 | L142337 | ||
| 008 | 080206e20080202xxk f 000 0 eng d | ||
| 035 | _a(Sirsi) u142337 | ||
| 041 | 0 | _aeng | |
| 100 | 1 | _aDines, Peter | |
| 245 | 0 | 0 | _aRise of the grey pound |
| 260 | _c2008 | ||
| 490 |
_aEstates Gazette _v(0804) 2 February 2008, 160-162(3) |
||
| 520 | _aExamines the increasing attention being paid to extra-care housing by planners and developers. Offers a definition of extra-care housing as suggested by the RTPI's Good Practice Note 8. Considers issues relating to such schemes, including planning, scheme classification, sale and rent, and the commercial gains to be made from such enterprises. | ||
| 590 | _aKA | ||
| 651 | 4 |
_aUnited Kingdom _y |
|
| 690 | _aPROPERTY-OTHER PROPERTY TYPES-HEALTHCARE AND WELFARE PROPERTY | ||
| 700 | 1 | _aOrr, James | |
| 942 | _n0 | ||
| 999 |
_c79780 _d79780 |
||